logo

Bir Sreshtho Munshi Abdur Rouf Library
Jhenaidah Cadet College

Regional unemployment differences in Great Britain, (Record no. 7787)

MARC details
000 -LEADER
fixed length control field 01487nam a2200373 4500
001 - CONTROL NUMBER
JCCL Control Number 7787
003 - CONTROL NUMBER IDENTIFIER
JCCL marc code BD - JhCC
005 - DATE AND TIME OF LATEST TRANSACTION
control field 20190311091914.0
008 - FIXED-LENGTH DATA ELEMENTS--GENERAL INFORMATION
fixed length control field 740201s1973 enk bs 000 0 eng
020 ## - INTERNATIONAL STANDARD BOOK NUMBER
International Standard Book Number 0521203767
035 ## - SYSTEM CONTROL NUMBER
system control number (BD - JhCC)7787
035 ## - SYSTEM CONTROL NUMBER
system control number (OCoLC)00814688
035 ## - SYSTEM CONTROL NUMBER
system control number GLIS00000278
040 ## - CATALOGING SOURCE
Original cataloging agency BD-JhCC
Modifying agency BD-JhCC
041 ## - LANGUAGE CODE
Language code of Book eng
050 0# - LIBRARY OF CONGRESS CALL NUMBER
Classification number HD5767
Item number .C43
082 ## - DEWEY DECIMAL CLASSIFICATION NUMBER
Author mark and Year CHE 1973
Classification number 331.137942
099 ## - LOCAL FREE-TEXT CALL NUMBER
Classification number HD5767.C43
100 1# - MAIN ENTRY--PERSONAL NAME
Personal name Cheshire, P. C.
245 10 - TITLE STATEMENT
Title Regional unemployment differences in Great Britain,
Statement of responsibility, etc by P. C. Cheshire. Interregional migration models and their application to Great Britain, by R. Weeden. With a foreword by A. J. Brown.
260 ## - PUBLICATION, DISTRIBUTION, ETC. (IMPRINT)
Place of publication, distribution, etc [London,
-- New York]
Name of publisher, distributor, etc Cambridge University Press
Date of publication, distribution, etc [1973]
300 ## - PHYSICAL DESCRIPTION
Pagination xi, 107 p.
Dimensions 24 cm.
490 1# - SERIES STATEMENT
Series statement National Institute of Economic and Social Research. Regional papers,
Volume number/sequential designation 2
500 ## - GENERAL NOTE
General note Cover title.
504 ## - BIBLIOGRAPHY, ETC. NOTE
Bibliography, etc Includes bibliographical references.
650 #0 - SUBJECT ADDED ENTRY--TOPICAL TERM
Topical term or geographic name as entry element Unemployed
Geographic subdivision Great Britain.
650 #0 - SUBJECT ADDED ENTRY--TOPICAL TERM
Topical term or geographic name as entry element Migration, Internal
General subdivision Mathematical models.
650 #0 - SUBJECT ADDED ENTRY--TOPICAL TERM
Topical term or geographic name as entry element Migration, Internal
Geographic subdivision Great Britain
General subdivision Mathematical models.
700 1# - ADDED ENTRY--PERSONAL NAME
Personal name Weeden, R.
Title of a work Interregional migration models and their application to Great Britain.
Date of a work 1973.
740 0# -
Uncontrolled related/analytical title Interregional migration models and their application to Great Britain.
830 #0 - SERIES ADDED ENTRY--UNIFORM TITLE
Uniform title Regional papers (National Institute of Economic and Social Research) ;
Volume number/sequential designation 2.
942 ## - ADDED ENTRY ELEMENTS (KOHA)
Source of classification or shelving scheme Dewey Decimal Classification
Koha item type Books
Holdings
Source of classification or shelving scheme Damaged status Not for loan Home library Current library Shelving location Total Checkouts Full call number Barcode Date last seen Copy number Koha item type
Dewey Decimal Classification     JCC Rouf Library JCC Rouf Library General Stacks   331.137942 CHE 1973 10431 02/14/2018 C -1 Books

JCC Library | Contacts | JCC Home

Last Update on 23 September 2017
Copyright @ 2017-2020 JCC Rouf Library
Rouf Library, Jhenidah Cadet College (JCC), Bangladesh